Estado social y municipios (Registro nro. 131882)

Detalles MARC
000 -CABECERA
campo de control de longitud fija 00936nam a2200253Ia 4500
001 - NÚMERO DE CONTROL
campo de control 131882
003 - IDENTIFICADOR DEL NÚMERO DE CONTROL
campo de control 223551
005 - FECHA Y HORA DE LA ÚLTIMA TRANSACCIÓN
campo de control 20240712164113.0
008 - DATOS DE LONGITUD FIJA--INFORMACIÓN GENERAL
campo de control de longitud fija ||||||n9999 ||| || ||
082 ## - NÚMERO DE LA CLASIFICACIÓN DECIMAL DEWEY
Número de clasificación 361
100 ## - ENTRADA PRINCIPAL--NOMBRE DE PERSONA
Nombre de persona Rodríguez de Santiago, José María
9 (RLIN) 48418
245 #0 - MENCIÓN DE TÍTULO
Título Estado social y municipios
Resto del título servicios públicos locales y prestaciones asistenciales en España y República Dominicana
Mención de responsabilidad, etc. José María Rodríguez de Santiago y Julia Ortega Bernardo, coords.
504 ## - NOTA DE BIBLIOGRAFÍA, ETC.
Nota de bibliografía, etc. Incluye bibliografía
562 ## - NOTA DE IDENTIFICACIÓN DE LA COPIA Y VERSIÓN
Número de copias 2
526 ## - NOTA DE INFORMACIÓN SOBRE EL PROGRAMA DE ESTUDIO
Nombre del programa 51868 - ADMINISTRACIÓN PÚBLICA - Presencial
526 ## - NOTA DE INFORMACIÓN SOBRE EL PROGRAMA DE ESTUDIO
Nombre del programa 1697 - ADMINISTRACIÓN PÚBLICA TERRITORIAL - A distancia
650 ## - PUNTO DE ACCESO ADICIONAL DE MATERIA--TÉRMINO DE MATERIA
Término de materia o nombre geográfico como elemento de entrada BIENESTAR SOCIAL--ESPAÑA
9 (RLIN) 159601
650 ## - PUNTO DE ACCESO ADICIONAL DE MATERIA--TÉRMINO DE MATERIA
Término de materia o nombre geográfico como elemento de entrada BIENESTAR SOCIAL--REPUBLICA DOMINICANA
9 (RLIN) 159602
650 ## - PUNTO DE ACCESO ADICIONAL DE MATERIA--TÉRMINO DE MATERIA
Término de materia o nombre geográfico como elemento de entrada SERVICIOS MUNICIPALES--ESPAÑA
9 (RLIN) 159603
650 ## - PUNTO DE ACCESO ADICIONAL DE MATERIA--TÉRMINO DE MATERIA
Término de materia o nombre geográfico como elemento de entrada SERVICIOS MUNICIPALES--REPUBLICA DOMINICANA
9 (RLIN) 159604
650 ## - PUNTO DE ACCESO ADICIONAL DE MATERIA--TÉRMINO DE MATERIA
Término de materia o nombre geográfico como elemento de entrada SERVICIOS PÚBLICOS--ESPAÑA
9 (RLIN) 159605
650 ## - PUNTO DE ACCESO ADICIONAL DE MATERIA--TÉRMINO DE MATERIA
Término de materia o nombre geográfico como elemento de entrada SERVICIOS PUBLICOS--REPUBLICA DOMINICANA
9 (RLIN) 159606
942 ## - ELEMENTOS DE PUNTO DE ACCESO ADICIONAL (KOHA)
Tipo de ítem Koha Libro
Existencias
Estado de retiro Estado de pérdida Estado dañado No para préstamo Código de colección Localización permanente Ubicación/localización actual Coste, precio normal de compra Total de préstamos Signatura topográfica completa Código de barras Número de copia Tipo de ítem Koha
        General Bogotá - Sede Central Bogotá - Sede Central 30745.00   361 E77 123513 1 Libro
        General Bogotá - Sede Central Bogotá - Sede Central 30745.00   361 E77 e2 123514 2 Libro